000 00686nam a2200229 a 4500
999 _c5857
_d5857
001 5857
003 BD-JhCC
005 20221107134024.0
008 171228s2013 bg ||||| |||| 00| 0 ben d
020 _a9847009602191
035 _a(BD-JhCC)5857
040 _aBD-JhCC
_dBD-JhCC
041 _aben
082 _a891.443
_bIQB 2013
100 _aইকবাল, মুহম্মদ জাফর
245 _aইস্টিশন /
_cমুহম্মদ জাফর ইকবাল
260 _aঢাকা :
_bতাম্রলিপি প্রকাশনী,
_c2013.
300 _a128 p. :
_c20 cm.
650 _aBengali Novel
942 _2ddc
_cBK
_013